Bentonity pro slévárenství : Ústí nad Labem, červen 1988

Uložené v:
Podrobná bibliografia
Médium: Kniha
Jazyk:Czech
Vydané: Ústí nad Labem : Dům techniky Československé vědeckotechnické společnosti, 1988
Vydanie:1. vyd.
ISBN: (brož.)
Fyzický popis: 131 s.
Tagy: Pridať tag
Žiadne tagy, Buďte prvý kto otaguje tento záznam!

MARC

LEADER 00000nam a2200000 a 4500
001 000286021
005 20061125110851.0
008 060420s1988 xr e czeo
020 |a (brož.) 
040 |a SVKKK  |b slo  |c SVKKK  |e AACR2 
041 0 |a cze 
044 |a xr  |c CZ 
245 0 0 |a Bentonity pro slévárenství :  |b Ústí nad Labem, červen 1988 
250 |a 1. vyd. 
260 |a Ústí nad Labem :  |b Dům techniky Československé vědeckotechnické společnosti,  |c 1988 
300 |a 131 s. 
998 |a BK 
090 |g SCKHL  |k Sklad Pribinova 2. posch.  |a II.316521  |j 775882  |i B87570  |s Absenčne